Boats! / (Record no. 606)
[ view plain ]
| 000 -LEADER | |
|---|---|
| fixed length control field | 00897nam a22002417a 4500 |
| 005 - DATE AND TIME OF LATEST TRANSACTION | |
| control field | 20250821131148.0 |
| 020 ## - INTERNATIONAL STANDARD BOOK NUMBER | |
| International Standard Book Number | 9781617418754 |
| 040 ## - CATALOGING SOURCE | |
| Original cataloging agency | FISKH |
| Language of cataloging | eng |
| Transcribing agency | FISKH |
| Modifying agency | FISKH |
| 050 ## - LIBRARY OF CONGRESS CALL NUMBER | |
| Classification number | HE566.T8 |
| 082 ## - DEWEY DECIMAL CLASSIFICATION NUMBER | |
| Classification number | 623.8 |
| 100 ## - MAIN ENTRY--PERSONAL NAME | |
| Personal name | Reasoner, Charles |
| Dates associated with a name | 1949- |
| 245 ## - TITLE STATEMENT | |
| Title | Boats! / |
| Statement of responsibility, etc. | by Resoner, Charles. |
| 260 ## - PUBLICATION, DISTRIBUTION, ETC. | |
| Place of publication, distribution, etc. | Guangdong : |
| Name of publisher, distributor, etc. | Power Printing, |
| Date of publication, distribution, etc. | 2011. |
| 300 ## - PHYSICAL DESCRIPTION | |
| Extent | 8 unnumbered pages: |
| Other physical details | color illustrations. |
| Dimensions | 14 cm |
| 490 ## - SERIES STATEMENT | |
| Series statement | Big Busy Machines |
| 505 ## - FORMATTED CONTENTS NOTE | |
| Formatted contents note | D |
| 520 ## - SUMMARY, ETC. | |
| Summary, etc. | The Big Busy Machines: Boats! board book provides the perfect way to introduce reading in your home. Children will learn all about transportation as cute and colorful illustrations bring boats to life. This book engages early learners by using short, simple language. |
| 521 ## - TARGET AUDIENCE NOTE | |
| Target audience note | 240 <br/> |
| Source | Lexile <br/> |
| 521 ## - TARGET AUDIENCE NOTE | |
| Target audience note | D |
| Source | Raz-Plus <br/> |
| 650 ## - SUBJECT ADDED ENTRY--TOPICAL TERM | |
| Source of heading or term | Boats. |
| Form subdivision | Juvenile literature. |
| 942 ## - ADDED ENTRY ELEMENTS (KOHA) | |
| Source of classification or shelving scheme | Dewey Decimal Classification |
| Koha item type | Books |
| Suppress in OPAC | No |
| 999 ## - | |
| -- | 606 |
| -- | 606 |
| Withdrawn status | Lost status | Source of classification or shelving scheme | Damaged status | Not for loan | Collection | Home library | Current library | Shelving location | Date acquired | Total Checkouts | Full call number | Barcode | Date last seen | Date last checked out | Price effective from | Koha item type | Copy number |
|---|---|---|---|---|---|---|---|---|---|---|---|---|---|---|---|---|---|
| Withdrawn | Lost | Dewey Decimal Classification | Juvenile Fiction | Footprints International School Library Network Toul Kork Campus | Footprints International School Library Network Toul Kork Campus | TK Primary Library Room(4th Floor), Bookcase 7, Shelves 57-60, Dark Green Books | 06/26/2023 | 1 | REA HE566.T8 | 2023-0110 | 02/02/2024 | 02/02/2024 | 06/26/2023 | Books | |||
| Dewey Decimal Classification | Juvenile Fiction | Footprints International School Library Network Toul Tom Poung Campus | Footprints International School Library Network Toul Kork Campus | TTP Primary Green Bookshelves | 08/21/2025 | 1 | REA HE566.T8 | FISTK02732 | 09/15/2025 | 09/04/2025 | 08/21/2025 | Books | 2 |
